000
00343 a2200157 4500
001
73607
020
_a
85-88543-26-5
040
_c
Anchieta - Colégio São Paulo
100
_a
Agualusa, José Eduardo
240
1
0
_a
A Conjura
_l
por
245
1
0
_a
A Conjura
300
_a
167
362
0
_a
2004
650
4
_a
Ficção portuguesa
942
_c
BK
999
_c
73607
_d
73607